Statistiche per Riconosci il Calciatore - Quiz n°5

Clicka qui per fare il quiz!

Statistiche generali

  • Questo quiz è stato fatto 49 volte
    (47 dall'ultimo reset)
  • Il punteggio medio è 13 su 19

Statistiche sulle risposte

IndizioRisposta% Corretto
RuoloCentrocampista
98%
NazionalitàFrancia
93%
Squadra di club 6Torino 2023-
93%
Squadra di club 5Hellas Verona 2020-2023
88%
Data di nascita04/02/1994
83%
Squadra di club 3Nizza 2017-2020
73%
Squadra di club 4Atalanta 2020-2020
71%
Squadra di club 1Nancy 2012-2014
71%
Presenze in nazionale0
66%
Squadra di club 2Valenciennes 2014-2017
66%
Trofei per club0
63%
Gol nei club8
61%
Presenze nei club273
59%
Peso78 kg
59%
Trofei per nazionali0
56%
Altezza180 cm
56%
Gol in nazionale0
54%
Trofei individuali0
54%
CalciatoreAdrien Tameze
49%

Distribuzione punteggi

Percentile per numero di risposta

Percentuale di utenti per punteggio

I tuoi punteggi nel tempo

Non hai fatto questo quiz dall'ultimo reset